A bela e o monstro (Registo nº 52392)

Detalhes MARC
000 -Etiqueta do registo
campo de controlo de comprimento fixo 007110000a22002290004500
001 - Identificador do registo
Campo de controlo 52392
010 ## - ISBN
Número (ISBN) 972-42-2765-0
100 ## - Dados Gerais de Proc.
Dados gerais de processamento 20161004d2016 k y0pory5003 ba
101 0# - Língua da publicação
Língua do texto, banda sonora, etc. Português
102 ## - País de Publicação
País de publicação Portugal
200 1# - Título
Título próprio A bela e o monstro
Primeira menção de responsabilidade Walt Disney
Outras menções de responsabilidade trad. Teresa Augusto
210 ## - Publicação, Distribuição
Lugar da edição, distribuição, etc. [Lisboa]
Nome do editor, distribuidor, etc. Círculo de Leitores
Data da publicação, distribuição, etc. 2002
215 ## - Descrição física
Descrição física 112 p.
Outras indicações físicas todo il.
225 2# - Colecção
Título próprio da colecção Os clássicos Disney
606 ## - Nome comum
Koha Internal code 2081
Elemento de entrada Literatura estrangeira
Subdivisão de assunto Conto
675 ## - CDU
Notação 821.111(73)-34
Edição BN
Língua da edição Português
700 #1 - Responsabilidade principal
Koha Internal Code 17425
Palavra de ordem Disney
Outra parte do nome Walt
Datas 1901-1966
702 #1 - Responsabilidade secundária
Koha Internal Code 8071
Código de função Tradutor
Palavra de ordem Augusto
Outra parte do nome Teresa
801 ## - Fonte de origem
País Portugal
Data da última transacção 20161004
090 ## - Números de controlo do sistema (Koha)
Número biblioitem do Koha (gerado automaticamente) 52392
942 ## - Elementos de entrada adicionados (Koha)
Tipo de item no Koha Monografias
Suprimido Disponível no OPAC
999 ## - Campo local
Campo local 52392
Exemplares
Perdido (estado) Data de aquisição Origem do registo (biblioteca) (codificado) Código da organização que empresta ou é detentora (biblioteca) Código de barras Cota Tipo de circulação (não pode ser emprestado) Tipo de item e material
Disponível 2016-10-04 Biblioteca EB23 D. Paio Peres Correia Biblioteca EB23 D. Paio Peres Correia BEBDPPC8189 82.03-34 DIS Normal Monografias